"Eau" dans 20 langues différentes - Statistiques

Statistiques générales
  • Ce quiz a été pris 96 fois
  • Le résultat moyen est 11 sur 20
Statistiques - réponses
Mot Langue % Correct
Agua Espagnol/portugais
100%
Eau Français
100%
Water Anglais/néerlandais
99%
水 (shuǐ) Chinois
88%
水 (mizu) Japonais
87%
ماء (ma') Arabe
84%
Wasser Allemand
83%
Acqua Italien
80%
물 (mul) Coréen
71%
вода Bulgare/Ukrainien/Russe
67%
Vερό Grec
58%
น้ำ (nam) Thaï
44%
पानी (paani) Hindi
42%
מַיִם (mim) Hébreu
35%
Woda Polonais
28%
nước Vietnamien
26%
Vatten Suédois
13%
Su Turc
13%
Vand Danois
10%
Av Kurde
1%
Aucun quiz correspondant
Distribution des résultats
% des personnes avec chaque résultat
Percentile par nombre de réponses
Votre historique - résultats
Vous n’avez pas pris ce quiz